000 00952cam a2200265 i 4500
001 25570
003 Mx-PuUPA
005 20230830160900.0
008 140415s1977 mx gr 000 0 spa d
040 _aMx-PuUPA
_bspa
_cMx-PuUPA
_dMx-PuUPA
_erda
041 0 _aspa
245 0 0 _aHistoria de la ciudad de México :
_bsegún los relatos de sus cronistas /
_cArtemio De Valle-Arizpe
264 1 _aMéxico, D. F. :
_bEditorial Jus,
_c1977
300 _a531 páginas ;
_c24 cm
336 _2rdacontent
_atexto
_btxt
337 _2rdamedia
_asin medio
_bn
338 _2rdacarrier
_avolumen
_bnc
651 4 _aCiudad de México (México)
_xHistoria
651 4 _aCiudad de México (México)
_xDescripción y viajes
700 1 _aValle-Arizpe, Artemio de,
_d1888-1961
_eeditor
_912211
942 _2ddc
_cLI
_h972.53
_iH6735
999 _c25570
_d25570